Größte Städte Westeuropas auf einer Karte - Statistiken

Allgemein
  • Dieses Quiz wurde 1.652 mal gespielt
    580 seit der letzten Aktualisierung
  • Das Durchschnittsergebnis liegt bei 30 aus 35
Antworten auf der Karte
Die Antworten werden auf der Karte rot bzw. grün angezeigt, abhängig davon wie oft sie richtig erraten wurden.
 
Antwortstatistiken
Bevölkerung Land Stadt % Korrekt
4.9 m Deutschland Berlin
99%
14.9 m Vereinigtes Königreich London
99%
2.3 m Deutschland München
99%
11.5 m Frankreich Paris
98%
3.4 m Italien Rom
98%
6.7 m Spanien Madrid
97%
2.9 m Deutschland Hamburg
96%
5.0 m Deutschland Köln / Düsseldorf
96%
2.5 m Portugal Lissabon
96%
2.5 m Niederlande Amsterdam
95%
4.9 m Spanien Barcelona
95%
2.4 m Österreich Wien
95%
1.5 m Irland Dublin
94%
2.3 m Schweden Stockholm
94%
3.6 m Griechenland Athen
93%
2.4 m Deutschland Stuttgart
92%
3.3 m Deutschland Frankfurt am Main
91%
1.5 m Finnland Helsinki
91%
2.8 m Belgien Brüssel
90%
6.1 m Italien Mailand
90%
1.8 m Dänemark Kopenhagen
88%
3.2 m Vereinigtes Königreich Manchester
85%
1.7 m Frankreich Marseille
84%
1.6 m Portugal Porto
83%
1.9 m Vereinigtes Königreich Liverpool
81%
4.0 m Italien Neapel
81%
3.4 m Niederlande Rotterdam
81%
2.0 m Frankreich Lyon
77%
1.7 m Vereinigtes Königreich Glasgow
73%
1.9 m Spanien Valencia
70%
3.3 m Vereinigtes Königreich Birmingham
69%
1.6 m Italien Turin
68%
1.6 m Deutschland Mannheim
57%
2.2 m Vereinigtes Königreich Leeds
47%
1.5 m Vereinigtes Königreich Sheffield
31%
Keine übereinstimmenden Quizze gefunden
Verteilung der Resultate
Anzahl Personen mit jedem Resultat
Perzentil nach korrekt beantworteten Fragen
Ihre Resultats-Entwicklung
Sie haben dieses Quiz seit der letzten Aktualisierung nicht gespielt